Estrategias para el desarrollo sostenible : (Registro nro. 234)

Detalles MARC
000 -CABECERA
Campo de control 00942cam a2200229 a 4500
005 - FECHA Y HORA DE LA ULTIMA TRANSACCION
Campo de control 20160420155008.0
008 - ELEMENTOS DE LONGITUD FIJA—INFORMACION GENERAL
Campo de control 990709s1995 sp ab r 00010 spa d
020 ## - ISBN
ISBN 2831703026
040 ## - FUENTE DE CATALOGACIÓN
Agencia catalogadora original la
Agencia transcriptora la
Agencia Modificadora CO-BoIAVH
041 0# - IDIOMA
Código de idioma para texto/pista de sonido o título separado Español
044 ## - PAÍS DE PUBLICACIÓN
País de publicación Colombia
082 04 - NUMERO DE CLASIFICACION DECIMAL DEWEY
Número de clasificación 333.76
Número del ítem E77d
245 10 - MENCION DE TITULO
Título Estrategias para el desarrollo sostenible :
Parte restante del título América Latina ; programa de estrategias para la sostenibilidad de la UICN /
Mención de responsabilidad Editado por Arturo López Ornat
260 ## - PUBLICACION, DISTRIBUCION, ETC. (PIE DE IMPRENTA)
Lugar de publicación, distribución, etc. Madrid :
Nombre del editor, distribuidor, etc. UICN,
Fecha de publicación, distribución, etc. 1995.
300 ## - DESCRIPCION FISICA
Extensión xii, 203 páginas :
Otros detalles físicos ilustraciones, mapas ;
Dimensiones 24 x 21 centímetros
650 16 - ASIENTO SECUNDARIO DE MATERIA - TERMINO TEMATICO
Término temático o nombre geográfico como elemento de entrada Desarrollo sostenible
Subdivisión geográfica América Latina
Subdivisión de forma Estudio de casos.
9 (RLIN) 66206
650 26 - ASIENTO SECUNDARIO DE MATERIA - TERMINO TEMATICO
Término temático o nombre geográfico como elemento de entrada Desarrollo sostenible
Subdivisión geográfica América Latina.
9 (RLIN) 66207
650 26 - ASIENTO SECUNDARIO DE MATERIA - TERMINO TEMATICO
Término temático o nombre geográfico como elemento de entrada Política ambiental
Subdivisión geográfica América Latina.
9 (RLIN) 66208
700 1# - ASIENTO SECUNDARIO - NOMBRE PERSONAL
Nombre personal López Ornat, Arturo,
Término de relación editor
9 (RLIN) 7025
710 2# - ASIENTO SECUNDARIO - NOMBRE CORPORATIVO
Nombre corporativo o de jurisdicción como elemento de entrada Unión Internacional para la Conservación de la Naturaleza UICN
9 (RLIN) 66209
942 ## - ELEMENTOS ADICIONALES (KOHA)
Sistema de clasificación Dewey Decimal Classification
Tipo de ítem Libro
Existencias
Withdrawn status Lost status Sistema de Clasificación Damaged status No para préstamo Colección Inventariado Ubicación Permanente Ubicación actual Fecha de adquisición Fuente de Valor Valor Total Checkouts Número topográfico Inventario / Código de Barras Date last seen Ejemplar Price effective from Forma de adquisición Tipo de material
    Dewey Decimal Classification     General Inventariado 2017 Bogotá Bogotá 26/12/1997 Instituto 39000.00   LB-333.76 E77d 000302 04/12/2012 Ej. 1 04/12/2012   Libro